[Event "9. Lichtenberger Sommer"]
[Site "Berlin"]
[Date "2010.08.07"]
[Round "1.54"]
[White "Slepuschkin, Shenis"]
[Black "Pöltelt, Helmut"]
[Result "0-1"]
[WhiteElo "2026"]
[BlackElo "1561"]
[PlyCount "72"]
[EventDate "2010.??.??"]
[WhiteTeam "SK Zehlendorf e.V."]
[BlackTeam "SC Eintracht Berlin e.V."]

1. e4 c5 2. c3 Nc6 3. d4 cxd4 4. cxd4 d5 5. exd5 Qxd5 6. Nf3 Bg4 7. Be2 Nf6 8.
O-O e6 9. Nc3 Qd8 10. Be3 Be7 11. h3 Bh5 12. Qd2 O-O 13. Rfd1 Nd5 14. Rac1 Nxe3
15. fxe3 a6 16. Ne5 Nxe5 17. Bxh5 Nc4 18. Qe2 b5 19. b3 Nxe3 20. Qxe3 Bg5 21.
Qd3 Bxc1 22. Rxc1 Qg5 23. Qd1 Rac8 24. Bf3 Qe3+ 25. Kh2 Rxc3 26. Rxc3 Qxc3 27.
Kh1 Rc8 28. Bb7 Qc1 29. Qxc1 Rxc1+ 30. Kh2 a5 31. d5 e5 32. a4 b4 33. Ba6 Rd1
34. Bc4 Kf8 35. Kg3 Rd4 36. Kf3 Rxc4 0-1

[Event "9. Lichtenberger Sommer"]
[Site "Berlin"]
[Date "2010.08.07"]
[Round "1.55"]
[White "Ollek, Karl-Heinz"]
[Black "Heuser, Philip"]
[Result "0-1"]
[WhiteElo "1561"]
[BlackElo "2018"]
[PlyCount "60"]
[EventDate "2010.??.??"]
[WhiteTeam "SC Friesen Lichtenberg e.V."]
[BlackTeam "SG Heidelberg-Kirchheim"]

1. c4 Nf6 2. Nc3 e6 3. g3 d5 4. cxd5 exd5 5. Bg2 c6 6. Nf3 Bd6 7. O-O O-O 8. d3
Bg4 9. h3 Bh5 10. g4 Bg6 11. Bg5 Re8 12. Qd2 Nbd7 13. Rae1 h6 14. Bf4 Nc5 15.
b4 Ne6 16. Bxd6 Qxd6 17. a3 d4 18. Na4 Rad8 19. Nh4 Nf4 20. Nc5 Re7 21. Nxg6
fxg6 22. Qa2+ Kh7 23. e3 Nxg2 24. Kxg2 b6 25. Na4 dxe3 26. Rxe3 Rde8 27. Rxe7
Rxe7 28. Qb1 Nd5 29. h4 Nf4+ 30. Kh1 Qf6 0-1

[Event "9. Lichtenberger Sommer"]
[Site "Berlin"]
[Date "2010.08.07"]
[Round "1.56"]
[White "Albrecht, Rainer"]
[Black "Yilmaz, Rahmi"]
[Result "1-0"]
[WhiteElo "2006"]
[BlackElo "1556"]
[PlyCount "115"]
[EventDate "2010.??.??"]
[WhiteTeam "SC Kreuzberg e.V."]
[BlackTeam "BSC Rehberge 1945 e.V."]

1. d4 d5 2. c4 c6 3. Nf3 g6 4. e3 Bg7 5. Nc3 Nd7 6. cxd5 Nb8 7. dxc6 Nxc6 8.
Bb5 a6 9. Bxc6+ bxc6 10. O-O Nf6 11. Ne5 Bd7 12. Na4 O-O 13. Nc5 Qc8 14. Qa4
Be8 15. Bd2 Nd5 16. f4 f6 17. Ned3 Kh8 18. e4 Nb6 19. Qc2 f5 20. Ne5 Nd7 21.
Bb4 Nxe5 22. fxe5 Bd7 23. Nxd7 Qxd7 24. Bc5 Rf7 25. Qc4 e6 26. exf5 gxf5 27.
Bd6 Bh6 28. Rf3 Bf8 29. Bxf8 Rfxf8 30. Rf4 Qd5 31. Rc1 Qxc4 32. Rxc4 Rfc8 33.
Rf2 a5 34. Rfc2 Ra6 35. b3 Kg8 36. Kf2 Rc7 37. Ke3 Kf8 38. Ra4 Rb7 39. Rac4 Rc7
40. Rc5 Ke8 41. d5 Kd7 42. dxe6+ Kxe6 43. Rd2 Rd7 44. Rxd7 Kxd7 45. Kf4 Ke6 46.
Rc3 a4 47. Rh3 axb3 48. Rh6+ Kd5 49. axb3 Ra2 50. Rd6+ Kc5 51. Rd3 Rxg2 52. h3
Rf2+ 53. Kg5 f4 54. e6 f3 55. Kf6 Rg2 56. Rxf3 Rg6+ 57. Kf7 Kd6 58. e7 1-0

[Event "9. Lichtenberger Sommer"]
[Site "Berlin"]
[Date "2010.08.07"]
[Round "1.57"]
[White "Kasper, Peter"]
[Black "Moritz, Aron"]
[Result "0-1"]
[WhiteElo "1548"]
[BlackElo "2005"]
[PlyCount "54"]
[EventDate "2010.??.??"]
[WhiteTeam "SG Eckturm"]
[BlackTeam "SV Empor Berlin e.V."]

1. e4 c5 2. Nf3 d6 3. d4 cxd4 4. c3 dxc3 5. Nxc3 Nc6 6. Bc4 e6 7. Qe2 a6 8. O-O
Be7 9. a3 b5 10. Bd3 Nf6 11. Rd1 Qc7 12. h3 O-O 13. Bf4 Bb7 14. Rac1 Rac8 15.
e5 dxe5 16. Nxe5 Bd6 17. Nd7 Bxf4 18. Nxf6+ gxf6 19. Qg4+ Bg5 20. Ne2 h6 21.
Rc5 Qe7 22. Rc3 Ne5 23. Qh5 Rxc3 24. bxc3 Nxd3 25. Rxd3 Be4 26. Rg3 Bg6 27. Qf3
e5 0-1

[Event "9. Lichtenberger Sommer"]
[Site "Berlin"]
[Date "2010.08.07"]
[Round "1.58"]
[White "Kapr, Klaus"]
[Black "Mildenberger, Hans"]
[Result "1-0"]
[WhiteElo "1996"]
[BlackElo "1544"]
[PlyCount "65"]
[EventDate "2010.??.??"]
[WhiteTeam "SC Friesen Lichtenberg e.V."]
[BlackTeam "BVG Helmholz"]

1. e4 e6 2. d4 d5 3. Nc3 Bb4 4. Bd2 Bxc3 5. Bxc3 dxe4 6. Qg4 Kf8 7. Qxe4 Nf6 8.
Qh4 Qd5 9. Nf3 b6 10. O-O-O Ba6 11. Bxa6 Nxa6 12. Rhe1 Qh5 13. Qxh5 Nxh5 14. d5
exd5 15. Rxd5 Nf6 16. Rf5 Nd7 17. Ng5 f6 18. Ne6+ Kf7 19. Rd5 Ndc5 20. b4 Nxe6
21. Rd7+ Kg6 22. Rxe6 Rhd8 23. Ree7 Rxd7 24. Rxd7 Rc8 25. g4 Nb8 26. Rd5 Nc6
27. b5 Ne7 28. Rd7 Ng8 29. f4 c6 30. f5+ Kh6 31. Bd2+ g5 32. bxc6 Rxc6 33. Bb4
1-0

[Event "9. Lichtenberger Sommer"]
[Site "Berlin"]
[Date "2010.08.07"]
[Round "1.59"]
[White "Glöß, Henrik"]
[Black "Schulz, Stefanie"]
[Result "1/2-1/2"]
[WhiteElo "1543"]
[BlackElo "1992"]
[PlyCount "75"]
[EventDate "2010.??.??"]
[WhiteTeam "Sfr.Nord-Ost Berlin"]
[BlackTeam "SK König Tegel 1949 e.V."]

1. d4 Nf6 2. c4 c5 3. d5 e6 4. Nc3 exd5 5. cxd5 d6 6. e4 g6 7. Bg5 Bg7 8. Qd2
h6 9. Be3 Ng4 10. Bf4 a6 11. h3 Ne5 12. Be2 b5 13. Rb1 Nbd7 14. Nf3 Nxf3+ 15.
Bxf3 Ne5 16. Be2 g5 17. Be3 Ng6 18. Bd3 O-O 19. O-O c4 20. Bc2 Qf6 21. Ne2 g4
22. hxg4 Bxg4 23. f3 Bd7 24. Bxh6 Ne5 25. Bg5 Qg6 26. f4 Ng4 27. Ng3 Qh7 28.
Rf3 Qh2+ 29. Kf1 f6 30. f5 Ne5 31. Kf2 Ng4+ 32. Kf1 fxg5 33. Qxg5 Nf6 34. Qf4
Ne8 35. Qg4 Nf6 36. Qf4 Ne8 37. Qg4 Nf6 38. Qf4 1/2-1/2

[Event "9. Lichtenberger Sommer"]
[Site "Berlin"]
[Date "2010.08.07"]
[Round "1.60"]
[White "Guenther, Thomas"]
[Black "Völler, Lothar"]
[Result "1-0"]
[WhiteElo "1992"]
[BlackElo "1533"]
[PlyCount "81"]
[EventDate "2010.??.??"]
[WhiteTeam "SV Senat"]
[BlackTeam "Freier Sportverein von 1898 Dort"]

1. d4 Nf6 2. Nf3 g6 3. c4 Bg7 4. Nc3 e6 5. e4 d6 6. Be2 O-O 7. O-O Nbd7 8. h3
e5 9. Re1 Re8 10. Bf1 h6 11. d5 b6 12. Be3 Nc5 13. Nd2 a5 14. a3 Bd7 15. b4
axb4 16. axb4 Rxa1 17. Qxa1 Ncxe4 18. Ndxe4 Nxe4 19. Nxe4 f5 20. Nc3 f4 21. Bd2
Bf5 22. Qa3 Qh4 23. Ne4 g5 24. g3 fxg3 25. fxg3 Qh5 26. g4 Qg6 27. gxf5 Qxf5
28. Bg2 Qg6 29. Bf3 Rf8 30. Bg4 Kh8 31. Qd3 h5 32. Be6 g4 33. hxg4 hxg4 34. Qg3
Bh6 35. Qh4 Kg7 36. Bxh6+ Qxh6 37. Qxg4+ Kh8 38. Kg2 Ra8 39. Rh1 Ra2+ 40. Nf2
Rxf2+ 41. Kxf2 1-0

[Event "9. Lichtenberger Sommer"]
[Site "Berlin"]
[Date "2010.08.07"]
[Round "1.61"]
[White "Bullig, Reinhard"]
[Black "Sabrowski, Uwe"]
[Result "0-1"]
[WhiteElo "1532"]
[BlackElo "1984"]
[PlyCount "74"]
[EventDate "2010.??.??"]
[WhiteTeam "Sfrd. Berlin 1903 e.V."]
[BlackTeam "SC Friesen Lichtenberg e.V."]

1. d4 f5 2. g3 Nf6 3. Bg2 g6 4. c4 Bg7 5. Nf3 O-O 6. O-O d6 7. Nc3 Qe8 8. Re1
Qf7 9. b3 h6 10. Bb2 Nc6 11. d5 Nd8 12. Nd4 a6 13. Rc1 Rb8 14. Rc2 Bd7 15. e4
c5 16. dxc6 bxc6 17. exf5 gxf5 18. Rce2 e5 19. Nf3 Ne8 20. c5 e4 21. Nd2 d5 22.
Na4 Bxb2 23. Nxb2 Ne6 24. Qc1 Qg7 25. Rd1 f4 26. f3 Nd4 27. Ree1 fxg3 28. Nxe4
dxe4 29. Qc4+ Ne6 30. Qxe4 Nf6 31. Qc2 Nd5 32. Nd3 Nd4 33. Qd2 Nxf3+ 34. Bxf3
Rxf3 35. h4 Qd4+ 36. Kh1 Qxh4+ 37. Kg1 Rxd3 0-1

[Event "9. Lichtenberger Sommer"]
[Site "Berlin"]
[Date "2010.08.07"]
[Round "1.62"]
[White "Krajewski, Wolfgang"]
[Black "Junghänel, Dieter"]
[Result "1/2-1/2"]
[WhiteElo "1980"]
[BlackElo "1523"]
[PlyCount "104"]
[EventDate "2010.??.??"]
[WhiteTeam "SK Zehlendorf e.V."]
[BlackTeam "SV Motor Wildau e.V."]

1. d4 Nf6 2. Nf3 d6 3. c4 c6 4. Nc3 e6 5. e4 h6 6. h3 Be7 7. Bd3 Qc7 8. Bf4
Nbd7 9. Rc1 e5 10. Be3 b6 11. O-O exd4 12. Nxd4 Ne5 13. f4 Nxd3 14. Qxd3 Bd7
15. Rfd1 O-O 16. Nf3 Rfd8 17. Qe2 Bf8 18. Bd4 Ne8 19. Rc2 Be7 20. Rcd2 Bc8 21.
Qf2 Be6 22. b3 f5 23. exf5 Bxf5 24. g4 Be6 25. Re1 Bf7 26. Ne4 d5 27. Be5 Qb7
28. cxd5 Bxd5 29. Rde2 Bxe4 30. Rxe4 Bc5 31. Bd4 Bb4 32. R1e2 Bf8 33. Qh4 c5
34. Be5 Qf7 35. g5 h5 36. Qe1 g6 37. Bb2 Nd6 38. Re7 Qxf4 39. Qc3 Nf7 40. Rxf7
Qg3+ 41. Rg2 Rd1+ 42. Ne1 Rxe1+ 43. Rf1 Qxc3 44. Bxc3 Rxf1+ 45. Kxf1 Be7 46.
Ke2 Re8 47. Kf3 Rd8 48. Ke4 Kf7 49. Rf2+ Ke6 50. h4 Rd1 51. Bf6 Re1+ 52. Kd3
Rd1+ 1/2-1/2

[Event "9. Lichtenberger Sommer"]
[Site "Berlin"]
[Date "2010.08.07"]
[Round "1.63"]
[White "Heldt, Ronny"]
[Black "Hünerfauth, Uwe"]
[Result "0-1"]
[WhiteElo "1515"]
[BlackElo "1974"]
[PlyCount "114"]
[EventDate "2010.??.??"]
[WhiteTeam "SC Kreuzberg e.V."]
[BlackTeam "SK Landau"]

1. d4 Nf6 2. c4 c5 3. d5 b5 4. cxb5 a6 5. bxa6 Bxa6 6. Nc3 g6 7. e4 Bxf1 8.
Kxf1 d6 9. Nge2 Bg7 10. h3 O-O 11. Kg1 Qa5 12. Kh2 Nbd7 13. Qc2 Rfb8 14. Rd1
Ne8 15. f4 Nc7 16. b3 Nb5 17. Bb2 Na3 18. Qc1 Qb4 19. Rd2 Nb6 20. Bxa3 Rxa3 21.
Rb1 Rba8 22. Rc2 h5 23. Qd2 Qa5 24. Rg1 c4 25. Rb1 cxb3 26. Rxb3 Rxb3 27. axb3
Qb4 28. Rb2 Rc8 29. Rc2 Qxb3 30. Rb2 Bxc3 31. Rxb3 Bxd2 32. Rxb6 Rc4 33. e5 Bb4
34. exd6 Bxd6 35. Rb2 Bxf4+ 36. Nxf4 Rxf4 37. Rb7 Kf8 38. Kg3 Rd4 39. Rb8+ Kg7
40. Rb7 Kf6 41. Rb6+ Ke5 42. Rb7 Kd6 43. Rb6+ Kxd5 44. Rb5+ Ke6 45. Rb6+ Kf5
46. Rb7 Re4 47. Kf3 h4 48. Rb5+ e5 49. Rb7 f6 50. Rb2 Ra4 51. Rb3 Kg5 52. Re3
Rf4+ 53. Ke2 Kf5 54. Rc3 g5 55. Rf3 Rxf3 56. gxf3 Kf4 57. Kf2 f5 0-1

[Event "9. Lichtenberger Sommer"]
[Site "Berlin"]
[Date "2010.08.07"]
[Round "1.64"]
[White "Poseck, Steffen"]
[Black "Becker, Uwe"]
[Result "1-0"]
[WhiteElo "1971"]
[BlackElo "1510"]
[PlyCount "91"]
[EventDate "2010.??.??"]
[WhiteTeam "BSV 63 Chemie Weißensee"]
[BlackTeam "SV Glück auf Rüdersdorf e.V."]

1. d4 Nf6 2. Bg5 e6 3. e4 Be7 4. e5 Nd5 5. Bxe7 Nxe7 6. Nf3 Nbc6 7. Be2 d6 8.
exd6 cxd6 9. O-O Qb6 10. b3 O-O 11. Qd2 d5 12. a4 Nf5 13. a5 Qb4 14. Qxb4 Nxb4
15. c3 Nc6 16. Nbd2 Bd7 17. Rfc1 Rac8 18. b4 a6 19. Nb3 Na7 20. Nc5 Bb5 21. Bd1
Rc7 22. Ne5 Nd6 23. Bg4 Re8 24. h4 Nac8 25. Bh3 Nc4 26. Nf3 N8d6 27. Re1 Kf8
28. Ng5 Bd7 29. Nxh7+ Kg8 30. Ng5 Kf8 31. f4 g6 32. g4 Bc8 33. h5 Kg7 34. hxg6
Kxg6 35. Bf1 Rce7 36. Ra2 f6 37. Nf3 Kf7 38. Rh2 Rg8 39. g5 Ke8 40. Kf2 Ne4+
41. Nxe4 dxe4 42. Bxc4 exf3 43. gxf6 Rc7 44. Bxe6 Bxe6 45. Rxe6+ Kf8 46. Re3
1-0

[Event "9. Lichtenberger Sommer"]
[Site "Berlin"]
[Date "2010.08.07"]
[Round "1.65"]
[White "Schneider, Eckehard"]
[Black "Thier, Jürgen"]
[Result "0-1"]
[WhiteElo "1507"]
[BlackElo "1969"]
[PlyCount "48"]
[EventDate "2010.??.??"]
[WhiteTeam "Sfrd. Berlin 1903 e.V."]
[BlackTeam "SF Heidelberg"]

1. e4 c5 2. c3 d5 3. exd5 Qxd5 4. d4 Nf6 5. Nf3 Bg4 6. Be2 e6 7. Be3 cxd4 8.
cxd4 Nc6 9. Nc3 Qd6 10. h3 Bh5 11. a3 Be7 12. O-O O-O 13. Re1 Rac8 14. Qd2 Nd5
15. Nxd5 Qxd5 16. Rad1 Bf6 17. Nh2 Rfd8 18. Bf3 Bxf3 19. Nxf3 Na5 20. Ne5 Nb3
21. Qe2 a5 22. Qg4 Rc2 23. Re2 Rxe2 24. Qxe2 Bxe5 0-1

[Event "9. Lichtenberger Sommer"]
[Site "Berlin"]
[Date "2010.08.07"]
[Round "1.66"]
[White "Herrmann, Eberhard"]
[Black "Ross, Chris N"]
[Result "0-1"]
[WhiteElo "1711"]
[BlackElo "2152"]
[PlyCount "72"]
[EventDate "2010.??.??"]
[WhiteTeam "SC Friesen Lichtenberg e.V."]
[BlackTeam "New England"]

1. e4 c5 2. Nf3 e6 3. d4 cxd4 4. Nxd4 Nc6 5. c3 d5 6. Bb5 Nge7 7. Qc2 Bd7 8.
Be3 Nxd4 9. Bxd7+ Qxd7 10. Bxd4 dxe4 11. Qxe4 Nf5 12. Be3 Qb5 13. b3 Nxe3 14.
Qxe3 Be7 15. Nd2 O-O 16. a4 Qa6 17. c4 Qa5 18. O-O Bc5 19. Qe2 Rad8 20. Ne4 Bd4
21. Rab1 h6 22. Qe1 Qc7 23. Qe2 Rd7 24. b4 a5 25. Rfc1 Rfd8 26. g3 axb4 27.
Rxb4 Qc6 28. g4 f5 29. Ng3 Bc5 30. Rb5 Rd2 31. Rxc5 Qxc5 32. Qxe6+ Kh8 33. Rf1
R2d4 34. gxf5 Qxc4 35. Qg6 R4d6 36. Qh5 Qxa4 0-1

[Event "9. Lichtenberger Sommer"]
[Site "Berlin"]
[Date "2010.08.07"]
[Round "1.67"]
[White "Strehlow, Horst"]
[Black "Schild, Reinhard"]
[Result "1-0"]
[WhiteElo "1968"]
[BlackElo "1505"]
[PlyCount "37"]
[EventDate "2010.??.??"]
[WhiteTeam "SC Friesen Lichtenberg e.V."]
[BlackTeam "SG Weißensee 49 e.V."]

1. e4 c6 2. Nf3 d5 3. Nc3 dxe4 4. Nxe4 Bf5 5. Ng3 Bg6 6. h4 h6 7. Ne5 Bh7 8.
Qh5 g6 9. Bc4 e6 10. Qe2 Qe7 11. d4 Nd7 12. Bf4 Bg7 13. O-O-O Ngf6 14. Qd2 Nd5
15. Bxd5 cxd5 16. Bxh6 Bxe5 17. dxe5 Rc8 18. Bg5 Qc5 19. Ne4 1-0

[Event "9. Lichtenberger Sommer"]
[Site "Berlin"]
[Date "2010.08.07"]
[Round "1.68"]
[White "Tolle, Gerd"]
[Black "Kramer, Wolfgang"]
[Result "0-1"]
[WhiteElo "1500"]
[BlackElo "1964"]
[PlyCount "120"]
[EventDate "2010.??.??"]
[BlackTeam "SG Schönbuch"]

1. e4 Nc6 2. Nf3 Nf6 3. Nc3 d5 4. e5 Ne4 5. d4 Bf5 6. Nh4 Nxc3 7. bxc3 Be4 8.
Ba3 e6 9. Bxf8 Kxf8 10. Nf3 Na5 11. Nd2 Bg6 12. Be2 c5 13. O-O Rc8 14. Nb3 c4
15. Nd2 Qe7 16. Nf3 Ke8 17. Qd2 h6 18. a4 Rc6 19. Rfb1 Ra6 20. Rb5 Kd7 21. Rab1
Rc8 22. Qc1 Rcc6 23. Qb2 Rcb6 24. Rxb6 Rxb6 25. Qc1 Ra6 26. Rb5 Kc8 27. Qb2 f6
28. Nd2 b6 29. exf6 gxf6 30. Qc1 Be8 31. Nf3 Nb7 32. Rb1 Qh7 33. Qe3 Bd7 34.
Re1 Rxa4 35. Qf4 Qg6 36. h3 Ra3 37. Bf1 Rxc3 38. Ra1 a5 39. Rb1 b5 40. Ne1 Qg5
41. Qh2 e5 42. h4 Qg7 43. dxe5 fxe5 44. g3 Nd6 45. Bh3 b4 46. Bxd7+ Qxd7 47.
Qg2 e4 48. g4 Nb5 49. g5 hxg5 50. hxg5 Rh3 51. g6 Rh8 52. Qg5 Qh3 53. f4 Qh1+
54. Kf2 e3+ 55. Kxe3 Qe4+ 56. Kf2 Nd6 57. g7 Rg8 58. Rd1 Nf5 59. Rxd5 Qxd5 60.
Nf3 Rxg7 0-1

[Event "9. Lichtenberger Sommer"]
[Site "Berlin"]
[Date "2010.08.07"]
[Round "1.69"]
[White "Müller, Peter"]
[Black "Bauer, Stefan"]
[Result "1-0"]
[WhiteElo "1963"]
[BlackElo "1488"]
[PlyCount "91"]
[EventDate "2010.??.??"]
[WhiteTeam "SV Berolina Mitte e.V."]
[BlackTeam "SC Kreuzberg e.V."]

1. e4 c5 2. Nf3 d6 3. d4 cxd4 4. Nxd4 a6 5. Nc3 e6 6. Be2 Be7 7. Be3 Nf6 8. O-O
O-O 9. Qe1 Nbd7 10. f4 Nc5 11. Bf3 e5 12. Nde2 Ng4 13. Bxg4 Bxg4 14. Rd1 Nd7
15. Nd5 f5 16. exf5 exf4 17. Nexf4 Bxf5 18. Bd4 Bh4 19. g3 Re8 20. Qf2 Qg5 21.
Nc7 Rac8 22. Nxe8 Rxe8 23. Nh3 Bxg3 24. Nxg5 Bxf2+ 25. Rxf2 g6 26. Bc3 h6 27.
Nf3 Nc5 28. Nh4 Ne4 29. Nxf5 Nxf2 30. Nxh6+ Kh7 31. Kxf2 Kxh6 32. Rxd6 Rc8 33.
Rb6 Rc7 34. Bd2+ Kh5 35. c3 g5 36. Rd6 Kg4 37. Rg6 Rf7+ 38. Kg2 Rf5 39. Rxg5+
Rxg5 40. Bxg5 Kxg5 41. Kg3 b5 42. b3 a5 43. h4+ Kf5 44. Kf3 Ke5 45. h5 Kf5 46.
c4 1-0

[Event "9. Lichtenberger Sommer"]
[Site "Berlin"]
[Date "2010.08.07"]
[Round "1.70"]
[White "Mako, Attila"]
[Black "Solhdjou, Mohammed"]
[Result "0-1"]
[WhiteElo "1472"]
[BlackElo "1961"]
[PlyCount "46"]
[EventDate "2010.??.??"]
[WhiteTeam "BSC Rehberge 1945 e.V."]

1. d4 Nf6 2. Bf4 e6 3. e3 d5 4. Nf3 Bd6 5. Ne5 O-O 6. Bd3 c5 7. c3 Nc6 8. Bg3
Qc7 9. f4 cxd4 10. exd4 Ne4 11. Bxe4 dxe4 12. Nd2 f6 13. Nec4 Bxf4 14. Nxe4
Bxg3+ 15. Nxg3 Qf4 16. Qd2 Qh4 17. O-O-O e5 18. Nd6 exd4 19. cxd4 Rd8 20. Ndf5
Bxf5 21. Nxf5 Qe4 22. Rhf1 Rac8 23. Qe3 Nxd4+ 0-1

[Event "9. Lichtenberger Sommer"]
[Site "Berlin"]
[Date "2010.08.07"]
[Round "1.71"]
[White "Nötzel, Felix"]
[Black "Winz, Michael"]
[Result "1-0"]
[WhiteElo "1961"]
[BlackElo "1448"]
[PlyCount "43"]
[EventDate "2010.??.??"]
[WhiteTeam "SC Borussia Friedrichsfelde 1920"]
[BlackTeam "SC Friesen Lichtenberg e.V."]

1. e4 e5 2. Nf3 Nc6 3. d4 exd4 4. c3 d6 5. cxd4 Be7 6. Bc4 Nf6 7. Nc3 O-O 8.
O-O Bg4 9. Be3 a6 10. Rc1 b5 11. Bd5 Nxd5 12. Nxd5 Bd7 13. Qc2 Rc8 14. Nd2 Re8
15. f4 Nb8 16. e5 c6 17. Nc3 c5 18. dxc5 dxc5 19. Nd5 Bf8 20. Ne4 Be6 21. Nef6+
gxf6 22. Nxf6+ 1-0

[Event "9. Lichtenberger Sommer"]
[Site "Berlin"]
[Date "2010.08.07"]
[Round "1.72"]
[White "Stiemerling, Karl-Heinz"]
[Black "Jaeger, Andre"]
[Result "0-1"]
[WhiteElo "1442"]
[BlackElo "1960"]
[PlyCount "56"]
[EventDate "2010.??.??"]
[WhiteTeam "SG Eckturm"]
[BlackTeam "SC Rochade e.V."]

1. d4 Nf6 2. c4 d6 3. Nc3 Nbd7 4. Nf3 g6 5. Bg5 h6 6. Bd2 Bg7 7. h3 e5 8. dxe5
dxe5 9. e4 c6 10. Be2 O-O 11. O-O Nc5 12. Qc2 Nfxe4 13. Be3 Nxc3 14. Bxc5 Nxe2+
15. Qxe2 Re8 16. Rfd1 Qf6 17. Rd6 Be6 18. Rad1 Bf8 19. Nxe5 Bxd6 20. Bxd6 Rad8
21. c5 Bd5 22. Re1 Qg5 23. Qg4 Qxg4 24. hxg4 f6 25. Nd3 Rxe1+ 26. Nxe1 Bxa2 27.
f3 Re8 28. Kf2 Bc4 0-1

[Event "9. Lichtenberger Sommer"]
[Site "Berlin"]
[Date "2010.08.07"]
[Round "1.73"]
[White "Schildt, René"]
[Black "Möller, Dirk"]
[Result "1-0"]
[WhiteElo "1956"]
[BlackElo "1436"]
[PlyCount "50"]
[EventDate "2010.??.??"]
[WhiteTeam "SC Zugzwang 95 e.V."]
[BlackTeam "SC Kreuzberg e.V."]

1. e4 e5 2. f4 exf4 3. Nf3 d6 4. d4 g5 5. h4 g4 6. Ng1 Bh6 7. Nc3 Ne7 8. Qd3 f5
9. g3 Nbc6 10. Bd2 fxe4 11. Nxe4 Bf5 12. d5 Ne5 13. Qb5+ Kf7 14. Ng5+ Bxg5 15.
hxg5 fxg3 16. O-O-O Nf3 17. Bg2 Be4 18. Qf1 Bxd5 19. Nxf3 gxf3 20. Bxf3 Kg8 21.
Bc3 Qf8 22. Rxd5 Qf4+ 23. Kb1 g2 24. Qxg2 Nxd5 25. Bxd5+ Kf8 1-0

[Event "9. Lichtenberger Sommer"]
[Site "Berlin"]
[Date "2010.08.07"]
[Round "1.74"]
[White "Werninghaus, Klaus Peter"]
[Black "Kühnemund, Lutz"]
[Result "0-1"]
[WhiteElo "1433"]
[BlackElo "1947"]
[PlyCount "80"]
[EventDate "2010.??.??"]
[WhiteTeam "Dortmunder Schachverein 1875"]
[BlackTeam "SC Friesen Lichtenberg e.V."]

1. c4 Nf6 2. Nc3 d5 3. cxd5 Nxd5 4. g3 g6 5. Bg2 Nxc3 6. bxc3 Bg7 7. Nf3 O-O 8.
O-O c5 9. e4 Nc6 10. Qc2 e5 11. Ba3 b6 12. d3 Re8 13. Rfe1 Bg4 14. Bc1 Qd7 15.
Be3 Rad8 16. Rad1 h6 17. Rd2 Bh3 18. Red1 Bxg2 19. Kxg2 Qe6 20. d4 exd4 21.
cxd4 Nxd4 22. Bxd4 cxd4 23. Nxd4 Qxe4+ 24. Qxe4 Rxe4 25. Nc6 Rxd2 26. Rxd2 Ra4
27. Rd7 Rxa2 28. Nxa7 Bf8 29. Nc8 Bc5 30. Rd5 Rxf2+ 31. Kh3 Kg7 32. Nd6 Bxd6
33. Rxd6 Rb2 34. Kg4 b5 35. Rb6 h5+ 36. Kg5 Rb4 37. h3 Rb3 38. Kf4 b4 39. h4
Rb1 40. Kg5 Rf1 0-1

[Event "9. Lichtenberger Sommer"]
[Site "Berlin"]
[Date "2010.08.07"]
[Round "1.75"]
[White "Mühlhan, Klaus"]
[Black "Koppitz, Sebastian"]
[Result "0-1"]
[WhiteElo "1826"]
[BlackElo "1059"]
[PlyCount "49"]
[EventDate "2010.??.??"]
[WhiteTeam "SC Empor Potsdam 1952 e.V."]
[BlackTeam "TSG Rot-Weiß Fredersdorf/Vogelsd"]

1. e4 c5 2. d4 cxd4 3. c3 d3 4. Bxd3 d6 5. f4 Nc6 6. Nf3 g6 7. Be3 Bg7 8. f5
Nf6 9. fxg6 hxg6 10. Qb3 Na5 11. Qc2 Qc7 12. Na3 a6 13. O-O-O Ng4 14. Bg1 Bh6+
15. Kb1 Ne3 16. Bxe3 Bxe3 17. Qe2 Bh6 18. e5 dxe5 19. Nxe5 Be6 20. Nxg6 Rg8 21.
g3 Bd5 22. Bf5 fxg6 23. Rxd5 Nc6 24. Qe6 Rg7 25. Bxg6+ 0-1

[Event "9. Lichtenberger Sommer"]
[Site "Berlin"]
[Date "2010.08.07"]
[Round "1.76"]
[White "Muskewitz, Bernd"]
[Black "Mitschke, Ullrich"]
[Result "1-0"]
[WhiteElo "1943"]
[BlackElo "1429"]
[PlyCount "113"]
[EventDate "2010.??.??"]
[WhiteTeam "TSG Oberschöneweide e.V."]
[BlackTeam "Queer-Springer SSV Berlin"]

1. d4 d5 2. c4 c6 3. Nf3 Nf6 4. Nc3 Bf5 5. e3 e6 6. Bd3 Ne4 7. O-O Nd7 8. Bxe4
Bxe4 9. Nxe4 dxe4 10. Nd2 f5 11. f3 Qg5 12. Qe2 Nf6 13. fxe4 Nxe4 14. Nxe4 fxe4
15. Rf4 Qg6 16. Qg4 Qxg4 17. Rxg4 g6 18. Bd2 Kd7 19. Rf1 c5 20. Rxe4 Re8 21.
Bc3 Rg8 22. Rf7+ Re7 23. Rxe7+ Bxe7 24. Kf2 Rc8 25. b3 a6 26. Rf4 Ke8 27. h3 b5
28. dxc5 Bxc5 29. Ke2 b4 30. Bd4 Bd6 31. Rf3 e5 32. Bb2 Ke7 33. e4 Ke6 34. Rd3
Rc5 35. Rd5 Rc6 36. g4 Rc8 37. Bc1 Ra8 38. Ra5 Bc7 39. Rc5 Kd6 40. Be3 a5 41.
Rb5 Kc6 42. Bh6 Rg8 43. h4 Kd6 44. Kf3 Kc6 45. Rd5 Re8 46. Bg7 Re7 47. Bf6 Rf7
48. g5 h6 49. Ke3 h5 50. Bxe5 Bb6+ 51. Bd4 Bc7 52. Bf6 Bb6+ 53. Kd3 Bc5 54. e5
a4 55. e6 Ra7 56. Rxc5+ Kxc5 57. Bd4+ 1-0

[Event "9. Lichtenberger Sommer"]
[Site "Berlin"]
[Date "2010.08.07"]
[Round "1.77"]
[White "Westphal, Julian"]
[Black "Weyers, Guido"]
[Result "1/2-1/2"]
[WhiteElo "1421"]
[BlackElo "1935"]
[PlyCount "47"]
[EventDate "2010.??.??"]
[WhiteTeam "TSG Oberschöneweide e.V."]
[BlackTeam "SC Weisse Dame e.V."]

1. d4 Nf6 2. c4 c5 3. d5 b5 4. cxb5 a6 5. g3 axb5 6. Bg2 d6 7. e4 Nbd7 8. Ne2
g6 9. b3 Bg7 10. Bb2 O-O 11. Nd2 Bb7 12. Qc2 Qb6 13. O-O Ra7 14. a3 Rfa8 15. b4
Ng4 16. Bxg7 Kxg7 17. Qb2+ Kg8 18. bxc5 dxc5 19. h3 Nge5 20. Rfb1 Ba6 21. f4
Nd3 22. Qc3 c4+ 23. Kh2 N3c5 24. Nxc4 1/2-1/2

[Event "9. Lichtenberger Sommer"]
[Site "Berlin"]
[Date "2010.08.07"]
[Round "1.78"]
[White "Hohn, August"]
[Black "Hübner, Alan-Ari"]
[Result "1-0"]
[WhiteElo "1930"]
[BlackElo "1408"]
[PlyCount "73"]
[EventDate "2010.??.??"]
[WhiteTeam "SC Zugzwang 95 e.V."]
[BlackTeam "TuS Makkabi Berlin e.V."]

1. c4 c5 2. Nc3 g6 3. d4 cxd4 4. Qxd4 Nf6 5. Bg5 Nc6 6. Qd2 Bg7 7. Rc1 O-O 8.
Nf3 d6 9. g3 Bf5 10. Bg2 Qd7 11. Bh6 Bh3 12. O-O Bxg2 13. Kxg2 Rac8 14. h3 Rfd8
15. Rfd1 Nb4 16. Bxg7 Kxg7 17. b3 Na6 18. Qd4 b6 19. Nd5 Nc5 20. Nxf6 exf6 21.
Qb2 Qe6 22. Rd4 Rd7 23. Rcd1 Rcd8 24. b4 Na6 25. R1d3 Rc7 26. Re3 Qd7 27. Rf4
Rdc8 28. b5 Nc5 29. Rxf6 Kg8 30. Ng5 Qd8 31. Ref3 Na4 32. Qa1 Qe8 33. Nxf7 Rxf7
34. Rxf7 Qxf7 35. Rxf7 Kxf7 36. Qd4 Rd8 37. e4 1-0

[Event "9. Lichtenberger Sommer"]
[Site "Berlin"]
[Date "2010.08.07"]
[Round "1.79"]
[White "Brylski, Nils"]
[Black "Kötz, Andreas"]
[Result "0-1"]
[WhiteElo "1396"]
[BlackElo "1922"]
[PlyCount "48"]
[EventDate "2010.??.??"]
[WhiteTeam "Peiner SV"]
[BlackTeam "SC Zitadelle Spandau 1977 e.V."]

1. d4 Nf6 2. c4 g6 3. Nc3 Bg7 4. Nf3 d6 5. e4 O-O 6. Be2 e5 7. d5 a5 8. O-O Na6
9. a3 Bd7 10. Qc2 Nc5 11. Bg5 a4 12. Rab1 h6 13. Be3 Ne8 14. Bxc5 dxc5 15. h3
Nd6 16. Nd2 f5 17. exf5 gxf5 18. Nb5 e4 19. Nc3 Kh8 20. b4 axb3 21. Qxb3 Rg8
22. Nb5 Qg5 23. Qe3 f4 24. Qxc5 Be5 0-1